Complete mathematics for Cambridge IGCSE : (Record no. 25606)

MARC details
000 -LEADER
fixed length control field 00948nam a22002417a 4500
005 - DATE AND TIME OF LATEST TRANSACTION
control field 20260209130849.0
008 - FIXED-LENGTH DATA ELEMENTS--GENERAL INFORMATION
fixed length control field 260202b |||||||| |||| 00| 0 eng d
020 ## - INTERNATIONAL STANDARD BOOK NUMBER
International Standard Book Number 9780198425076
040 ## - CATALOGING SOURCE
Transcribing agency Mzuzu University.
050 ## - LIBRARY OF CONGRESS CALL NUMBER
Classification number QA107
Item number RAY 2018
245 ## - TITLE STATEMENT
Title Complete mathematics for Cambridge IGCSE :
Remainder of title Extended/
Statement of responsibility, etc. David Rayner,Ian Bettison and Mathew Taylor
250 ## - EDITION STATEMENT
Edition statement 5th Ed.
260 ## - PUBLICATION, DISTRIBUTION, ETC. (IMPRINT)
Place of publication, distribution, etc. Oxford,
Name of publisher, distributor, etc. Oxford University Press,
Date of publication, distribution, etc. 2018
300 ## - PHYSICAL DESCRIPTION
Extent x, 493 pages :
Other physical details illustrations (chiefly color) ;
Dimensions 25 cm.
440 ## - SERIES STATEMENT/ADDED ENTRY--TITLE
Title Aspire succeed progress/
500 ## - GENERAL NOTE
General note Include Bibliographical reference and Index.
650 ## - SUBJECT ADDED ENTRY--TOPICAL TERM
Topical term or geographic name as entry element International General Certificate of Secondary Education
650 ## - SUBJECT ADDED ENTRY--TOPICAL TERM
Topical term or geographic name as entry element International General Certificate of Secondary Education Guides de l'étudiant
650 ## - SUBJECT ADDED ENTRY--TOPICAL TERM
Topical term or geographic name as entry element International General Certificate of Secondary Education Study guides
700 ## - ADDED ENTRY--PERSONAL NAME
Personal name Bettisn Ian:
700 ## - ADDED ENTRY--PERSONAL NAME
Personal name Taylor Mathew.
942 ## - ADDED ENTRY ELEMENTS (KOHA)
Source of classification or shelving scheme Library of Congress Classification
Koha item type Books in General collection
Holdings
Withdrawn status Lost status Source of classification or shelving scheme Damaged status Not for loan Home library Current library Date acquired Total Checkouts Full call number Barcode Date last seen Copy number Price effective from Koha item type
    Library of Congress Classification     Mzuzu University Library and Learning Resources Centre Mzuzu University Library and Learning Resources Centre 02/02/2026   QA 107.M378 Ray 2018 MzULM-035281 02/02/2026 035281 02/02/2026 Books in General collection